000 00436nam a2200181Ia 4500
008 210210b2008 xxu||||| |||| 00| 0 eng d
041 _aeng
082 _aT494.802 ARUT
100 _aARUNAKUMAR (Es Ar)
245 _aTuLu anuvAda sAhitya
260 _aMangaLuru
_bKarnataka Tulu Sahitya Akademi
_c2008
300 _a46
650 _aTuLu
650 _asAhitya
650 _aanuvAda
690 _aTulu Language
906 _a064679
999 _c142880
_d142880